Vplyv úniového práva na medzinárodný rámec právnej úpravy zodpovednostných vzťahov jadrového práva
Zodpovednostné režimy jadrového práva. Historické koreňe právneho režimu zodpovednosti za jadrovú škodu. Participácia Európskej únie v oblasti zodpovednostných vzťahov jadrového práva.
Gespeichert in:
| 1. Verfasser: | |
|---|---|
| Weitere Verfasser: | |
| Format: | Buchkapitel |
| Sprache: | Slowakisch |
| Schlagworte: | |
| Tags: |
Keine Tags, Fügen Sie das erste Tag hinzu!
|
MARC
| LEADER | 00000naa a2200000 4500 | ||
|---|---|---|---|
| 001 | 0200119 | ||
| 005 | 20231208100739.8 | ||
| 041 | 0 | |a slo | |
| 044 | |a SK | ||
| 245 | 1 | 0 | |a Vplyv úniového práva na medzinárodný rámec právnej úpravy zodpovednostných vzťahov jadrového práva |c Marianna Novotná, Peter Varga |
| 520 | |a Zodpovednostné režimy jadrového práva. Historické koreňe právneho režimu zodpovednosti za jadrovú škodu. Participácia Európskej únie v oblasti zodpovednostných vzťahov jadrového práva. | ||
| 610 | 2 | 0 | |a právo európske |
| 610 | 2 | 0 | |a zodpovednosť právna |
| 610 | 2 | 0 | |a zodpovednosť za škody |
| 610 | 2 | 0 | |a energia atómová |
| 610 | 2 | 0 | |a právo medzinárodné |
| 100 | 1 | |a Novotná, Marianna | |
| 700 | 1 | |a Varga, Peter | |